Essentials of Health Policy and Law (Record no. 17041)

MARC details
000 -LEADER
fixed length control field 00412nam a22001577a 4500
008 - FIXED-LENGTH DATA ELEMENTS--GENERAL INFORMATION
fixed length control field 180726b xxu||||| |||| 00| 0 eng d
020 ## - INTERNATIONAL STANDARD BOOK NUMBER
International Standard Book Number 1284067965
050 ## - LIBRARY OF CONGRESS CALL NUMBER
Classification number RA395 .A3T45 2013 c.1
100 ## - MAIN ENTRY--PERSONAL NAME
Personal name Teitelbaum, Joel B.
245 ## - TITLE STATEMENT
Title Essentials of Health Policy and Law
250 ## - EDITION STATEMENT
Edition statement 2nd ed.
260 ## - PUBLICATION, DISTRIBUTION, ETC. (IMPRINT)
Place of publication, distribution, etc. USA
Name of publisher, distributor, etc. Jones & Bartlett
Date of publication, distribution, etc. 2013
300 ## - PHYSICAL DESCRIPTION
Extent xvi, 290p.
650 ## - SUBJECT ADDED ENTRY--TOPICAL TERM
Topical term or geographic name as entry element Medical Policy
942 ## - ADDED ENTRY ELEMENTS (KOHA)
Source of classification or shelving scheme Library of Congress Classification
Koha item type General Collection
Holdings
Withdrawn status Lost status Source of classification or shelving scheme Not for loan Home library Current library Date acquired Cost, normal purchase price Total Checkouts Full call number Barcode Date last seen Price effective from Koha item type
    Library of Congress Classification   Kabarak, Main Campus Kabarak, Main Campus 26/07/2018 18270.00   RA395 .A3T45 2013 c.1 024408 26/07/2018 26/07/2018 General Collection
Designed with assistance from East African Informatics Ltd